000 00418cam a2200145 a 4500
020 _a2220044661
040 _cDLC
082 0 0 _a307 DES 1999 A067 Or.
100 1 _aThéveniaut-Muller, Martine.
245 1 3 _aLe développement local :
_bune réponse politique à la mondialisation /
260 _aParis :
_bDesclée de Brouwer,
_cc1999.
300 _a191 p. ;
_c23 cm.
650 0 _aCommunity development
942 _cFB
999 _c14306
_d14306